[Event "Mercosur Cup 19th"]
[Site "Buenos Aires"]
[Date "2015.06.12"]
[Round "9"]
[White "Barbosa, Evandro Amorim"]
[Black "Henriquez Villagra, Cristobal"]
[Result "1/2-1/2"]
[WhiteElo "2462"]
[BlackElo "2489"]
[PlyCount "81"]
[EventDate "2015.06.04"]
[EventType "tourn"]
[EventRounds "11"]
[EventCountry "ARG"]
[EventCategory "10"]
[SourceTitle "CBM 166 Extra"]
[Source "ChessBase"]
[SourceDate "2015.06.18"]
[SourceVersion "1"]
[SourceVersionDate "2015.06.18"]
[SourceQuality "1"]

1. d4 Nf6 2. c4 e6 3. Nc3 d5 4. cxd5 exd5 5. Bg5 c6 6. e3 Be7 7. Bd3 h6 8. Bh4
O-O 9. Qc2 Re8 10. Nge2 Nbd7 11. O-O Ne4 12. Bxe7 Qxe7 13. Rae1 Ndf6 14. Nc1 b6
15. f3 Nxc3 16. Qxc3 c5 17. dxc5 bxc5 18. e4 Be6 19. e5 Nd7 20. f4 c4 21. Bb1
Qc5+ 22. Kh1 d4 23. Qg3 d3 24. Rd1 Bf5 25. b3 Rab8 26. h3 Qd4 27. Nxd3 cxd3 28.
Bxd3 Qc3 29. Rf3 Nxe5 30. fxe5 Bxd3 31. Rdxd3 Qa1+ 32. Kh2 Rb7 33. Rde3 Qxa2
34. Rf6 Rb6 35. Ref3 Re7 36. Qf4 Rxb3 37. Rxf7 Rxf3 38. Rf8+ Kh7 39. Qe4+ g6
40. Qxf3 Qe6 41. Qf6 1/2-1/2

[Event "Mercosur Cup 19th"]
[Site "Buenos Aires"]
[Date "2015.06.13"]
[Round "10"]
[White "Sosa, Tomas1"]
[Black "Barbosa, Evandro Amorim"]
[Result "1/2-1/2"]
[WhiteElo "2385"]
[BlackElo "2462"]
[PlyCount "82"]
[EventDate "2015.06.04"]
[EventType "tourn"]
[EventRounds "11"]
[EventCountry "ARG"]
[EventCategory "10"]
[SourceTitle "CBM 166 Extra"]
[Source "ChessBase"]
[SourceDate "2015.06.18"]
[SourceVersion "1"]
[SourceVersionDate "2015.06.18"]
[SourceQuality "1"]

1. e4 c5 2. Nf3 e6 3. d4 cxd4 4. Nxd4 Nc6 5. Nc3 d6 6. Be2 Nf6 7. O-O Be7 8.
Kh1 O-O 9. f4 Bd7 10. Be3 a6 11. Qe1 b5 12. a3 Qb8 13. Bd3 Nxd4 14. Bxd4 e5 15.
Bg1 Bc6 16. Rd1 Qb7 17. Rd2 Rad8 18. Re2 a5 19. Nd5 Nxd5 20. exd5 Bxd5 21. Qxa5
Bc6 22. fxe5 dxe5 23. Qb6 Qd7 24. Rxe5 Bf6 25. Ref5 Rb8 26. Qf2 Bxb2 27. Qh4 g6
28. Bc5 Qb7 29. R5f2 Bc3 30. Bxf8 Rxf8 31. Qg3 Bd4 32. Re2 Ba7 33. Qg4 Bc5 34.
c4 b4 35. axb4 Qxb4 36. Qg5 Bd6 37. Qf6 Qc5 38. Qh4 Bc7 39. Qe7 Bd6 40. Qh4 Bc7
41. Qe7 Bd6 1/2-1/2

[Event "Mercosur Cup 19th"]
[Site "Buenos Aires"]
[Date "2015.06.14"]
[Round "11"]
[White "Barbosa, Evandro Amorim"]
[Black "Pichot, Alan"]
[Result "1/2-1/2"]
[WhiteElo "2462"]
[BlackElo "2492"]
[PlyCount "79"]
[EventDate "2015.06.04"]
[EventType "tourn"]
[EventRounds "11"]
[EventCountry "ARG"]
[EventCategory "10"]
[SourceTitle "CBM 166 Extra"]
[Source "ChessBase"]
[SourceDate "2015.06.18"]
[SourceVersion "1"]
[SourceVersionDate "2015.06.18"]
[SourceQuality "1"]

1. d4 Nf6 2. c4 c5 3. d5 e6 4. Nc3 exd5 5. cxd5 d6 6. e4 g6 7. f4 Bg7 8. Bb5+
Nfd7 9. Nf3 a6 10. Bd3 b5 11. O-O O-O 12. Kh1 b4 13. Ne2 a5 14. f5 Ba6 15. Bxa6
Nxa6 16. Bg5 Qb6 17. Qd2 f6 18. Bh6 g5 19. Bxg7 Kxg7 20. h4 h6 21. hxg5 hxg5
22. Nxg5 fxg5 23. Qxg5+ Kf7 24. Nf4 Rh8+ 25. Kg1 c4+ 26. Rf2 Ne5 27. Ng6 Rae8
28. Nxe5+ dxe5 29. f6 Reg8 30. Qxe5 Re8 31. Qg5 Reg8 32. Qf5 Nc5 33. e5 Nd3 34.
e6+ Kf8 35. Raf1 Nxf2 36. Rxf2 Qe3 37. f7 Qe1+ 38. Rf1 Qe3+ 39. Rf2 Qe1+ 40.
Rf1 1/2-1/2

[Event "Joao Pessoa op 6th"]
[Site "Joao Pessoa"]
[Date "2015.10.10"]
[Round "1"]
[White "Barbosa, Eugenio Seve de Me"]
[Black "Jales, Luiz Fabio Alves"]
[Result "0-1"]
[WhiteElo "2073"]
[BlackElo "1818"]
[PlyCount "88"]
[EventDate "2015.10.10"]
[EventType "swiss"]
[EventRounds "5"]
[EventCountry "BRA"]
[SourceTitle "CBM 168 Extra"]
[Source "ChessBase"]
[SourceDate "2015.10.29"]
[SourceVersion "1"]
[SourceVersionDate "2015.10.29"]
[SourceQuality "1"]

1. d4 d5 2. Nf3 Nf6 3. Bf4 e6 4. Nbd2 b6 5. e3 Ba6 6. Bxa6 Nxa6 7. c3 Nb8 8.
Qa4+ Nbd7 9. Qc6 Rc8 10. O-O Be7 11. a4 a5 12. Rfe1 O-O 13. h3 Nb8 14. Qb5 c5
15. e4 Nbd7 16. e5 Ne8 17. Qd3 g5 18. Nxg5 Bxg5 19. Qg3 Kh8 20. Bxg5 Qc7 21.
Qf4 Rg8 22. Nf3 Nf8 23. Re3 Ng6 24. Bf6+ Nxf6 25. Qxf6+ Rg7 26. h4 h6 27. h5
Ne7 28. Qxh6+ Kg8 29. Qf4 Nf5 30. Re2 Qe7 31. Rd1 Kh7 32. dxc5 Rcg8 33. Ne1 Rg4
34. Qd2 Qh4 35. Qc2 bxc5 36. Re3 Qg5 37. Rg3 Rxg3 38. fxg3 Qxg3 39. Qe2 c4 40.
Nf3 Qf4 41. Re1 Ng3 42. Qe3 Nxh5 43. Nd4 Rg3 44. Qe2 Qg5 0-1

[Event "Joao Pessoa op 6th"]
[Site "Joao Pessoa"]
[Date "2015.10.11"]
[Round "2"]
[White "Barbosa, Eugenio Seve de Me"]
[Black "Melo, Fernando Antonio Al"]
[Result "1-0"]
[WhiteElo "2073"]
[BlackElo "1839"]
[PlyCount "101"]
[EventDate "2015.10.10"]
[EventType "swiss"]
[EventRounds "5"]
[EventCountry "BRA"]
[SourceTitle "CBM 168 Extra"]
[Source "ChessBase"]
[SourceDate "2015.10.29"]
[SourceVersion "1"]
[SourceVersionDate "2015.10.29"]
[SourceQuality "1"]

1. d4 d6 2. Nf3 Nf6 3. Bf4 g6 4. e3 Bg7 5. h3 O-O 6. Be2 c5 7. c3 Qb6 8. Qc1
cxd4 9. exd4 Re8 10. Nbd2 Nc6 11. O-O Bd7 12. Re1 Rac8 13. Nc4 Qc7 14. Bf1 b5
15. Ne3 a6 16. a4 Na5 17. Nd2 e5 18. dxe5 dxe5 19. Bg5 Bc6 20. axb5 axb5 21. c4
Ne4 22. Nxe4 Nb3 23. Qc2 Nxa1 24. Rxa1 Bxe4 25. Qxe4 h6 26. Bh4 bxc4 27. Nxc4
Qc6 28. Qe1 g5 29. Bg3 Rcd8 30. f3 e4 31. fxe4 Rxe4 32. Qa5 Rd5 33. Qa2 Rdd4
34. b3 Qf6 35. Re1 Rxe1 36. Bxe1 Rd1 37. Qe2 Rd8 38. b4 Qf4 39. b5 Qb8 40. b6
Re8 41. Qf2 Qd8 42. Qg3 Qd1 43. Bf2 Bd4 44. Bxd4 Qxd4+ 45. Qf2 Qd5 46. Ne3 Qc5
47. Ng4 Qxf2+ 48. Kxf2 Rb8 49. Nf6+ Kg7 50. Nd7 Rb7 51. Bb5 1-0

[Event "Joao Pessoa op 6th"]
[Site "Joao Pessoa"]
[Date "2015.10.11"]
[Round "3"]
[White "De Melo Braga, Pamella Vittoria"]
[Black "Barbosa, Eugenio Seve de Me"]
[Result "0-1"]
[WhiteElo "1604"]
[BlackElo "2073"]
[PlyCount "72"]
[EventDate "2015.10.10"]
[EventType "swiss"]
[EventRounds "5"]
[EventCountry "BRA"]
[SourceTitle "CBM 168 Extra"]
[Source "ChessBase"]
[SourceDate "2015.10.29"]
[SourceVersion "1"]
[SourceVersionDate "2015.10.29"]
[SourceQuality "1"]

1. d4 Nf6 2. c4 g6 3. Nc3 d5 4. Nf3 Bg7 5. Bf4 c6 6. e3 O-O 7. Bd3 Nbd7 8. O-O
e6 9. Re1 dxc4 10. Bxc4 Nb6 11. Bd3 Nbd5 12. Be5 Qa5 13. Qb3 c5 14. Nxd5 Nxd5
15. Bxg7 Kxg7 16. e4 Nf6 17. Qb5 Qxb5 18. Bxb5 a6 19. Bd3 cxd4 20. Nxd4 Rd8 21.
e5 Ng8 22. Re4 f5 23. exf6+ Nxf6 24. Nxe6+ Bxe6 25. Rxe6 Rxd3 26. Re7+ Kh6 27.
Rxb7 Rad8 28. g3 R8d6 29. Kg2 Rd2 30. Re1 Nd5 31. Re4 Nf6 32. Rh4+ Kg5 33. Re7
h5 34. Re5+ Kh6 35. Rb4 Ng4 36. Re8 Rxf2+ 0-1

[Event "Joao Pessoa op 6th"]
[Site "Joao Pessoa"]
[Date "2015.10.12"]
[Round "4"]
[White "De Oliveira, Jefferson Pereira"]
[Black "Barbosa, Eugenio Seve de Me"]
[Result "0-1"]
[WhiteElo "1952"]
[BlackElo "2073"]
[PlyCount "86"]
[EventDate "2015.10.10"]
[EventType "swiss"]
[EventRounds "5"]
[EventCountry "BRA"]
[SourceTitle "CBM 168 Extra"]
[Source "ChessBase"]
[SourceDate "2015.10.29"]
[SourceVersion "1"]
[SourceVersionDate "2015.10.29"]
[SourceQuality "1"]

1. d4 Nf6 2. Nf3 g6 3. g3 Bg7 4. Bg2 O-O 5. O-O d5 6. Re1 c5 7. c3 cxd4 8. cxd4
Nc6 9. Nc3 Ne4 10. h3 Nxc3 11. bxc3 e6 12. Bf4 Bd7 13. Qd2 Rc8 14. e4 dxe4 15.
Rxe4 Na5 16. Ne5 Nc4 17. Nxc4 Rxc4 18. Ree1 Bc6 19. Rac1 Bxg2 20. Kxg2 Qd5+ 21.
f3 Rfc8 22. Rc2 Qxd4 23. Rec1 Rxc3 24. Rxc3 Rxc3 25. Rxc3 Qxc3 26. Qd8+ Bf8 27.
Bh6 Qc2+ 28. Qd2 Qxd2+ 29. Bxd2 Bc5 30. Kf1 Kf8 31. Ke2 Ke7 32. Kd3 b5 33. Bc3
a6 34. g4 f5 35. Be5 Kd7 36. Kc3 Kc6 37. Kd3 Kd5 38. Bc3 e5 39. Bb2 b4 40. Bc1
e4+ 41. fxe4+ fxe4+ 42. Ke2 Kc4 43. Bd2 a5 0-1

[Event "Joao Pessoa op 6th"]
[Site "Joao Pessoa"]
[Date "2015.10.12"]
[Round "5"]
[White "Barbosa, Eugenio Seve de Me"]
[Black "Gomes, Jose Murilo"]
[Result "1/2-1/2"]
[WhiteElo "2073"]
[BlackElo "1891"]
[PlyCount "54"]
[EventDate "2015.10.10"]
[EventType "swiss"]
[EventRounds "5"]
[EventCountry "BRA"]
[SourceTitle "CBM 168 Extra"]
[Source "ChessBase"]
[SourceDate "2015.10.29"]
[SourceVersion "1"]
[SourceVersionDate "2015.10.29"]
[SourceQuality "1"]

1. d4 d5 2. Nf3 Nf6 3. Bf4 e6 4. e3 Bd6 5. Bg3 Ne4 6. Nbd2 Nxg3 7. hxg3 Nc6 8.
c3 Bd7 9. Bd3 h6 10. e4 dxe4 11. Nxe4 Ne7 12. Qe2 Bc6 13. a3 Nd5 14. Rd1 Nf6
15. Nfd2 Nxe4 16. Bxe4 Bxe4 17. Nxe4 c6 18. Qg4 Bf8 19. Rd2 Qc7 20. Re2 O-O-O
21. Qf3 Kb8 22. g4 Rg8 23. g3 Bd6 24. g5 hxg5 25. Nxg5 Rdf8 26. Nh7 Re8 27. Ng5
Ref8 1/2-1/2

[Event "Blumenau Region-ch sf"]
[Site "Blumenau"]
[Date "2015.10.30"]
[Round "1"]
[White "Barbosa, Evandro Amorim"]
[Black "Borges, Guilherme Deola"]
[Result "1-0"]
[WhiteElo "2456"]
[BlackElo "2101"]
[PlyCount "123"]
[EventDate "2015.10.30"]
[EventType "swiss"]
[EventRounds "7"]
[EventCountry "BRA"]
[SourceTitle "CBM 169 Extra"]
[Source "ChessBase"]
[SourceDate "2015.12.18"]
[SourceVersion "1"]
[SourceVersionDate "2015.12.18"]
[SourceQuality "1"]

1. e4 c5 2. Nf3 g6 3. d4 cxd4 4. Nxd4 Bg7 5. Nc3 Nc6 6. Be3 Nf6 7. Bc4 O-O 8.
Bb3 d6 9. f3 a5 10. Qd2 Nxd4 11. Bxd4 Bd7 12. a4 Qc8 13. Bxf6 Bxf6 14. Nd5 Be6
15. Nxf6+ exf6 16. Bxe6 fxe6 17. O-O Qc5+ 18. Qf2 Rac8 19. c3 Rfd8 20. Rfd1 Kf7
21. Rd4 e5 22. Rd5 Qxf2+ 23. Kxf2 Rc5 24. Rad1 Ke7 25. Ke3 b6 26. R1d3 Rxd5 27.
Rxd5 Kd7 28. g3 Kc6 29. f4 g5 30. f5 Rb8 31. Rb5 Rd8 32. Rd5 Rb8 33. Kd3 b5 34.
Kc2 h5 35. h3 Rb7 36. Kb1 Rb8 37. Ka2 Rb7 38. Ka3 Rb8 39. b4 axb4+ 40. cxb4
bxa4 41. Kxa4 Ra8+ 42. Ra5 Rd8 43. Ra6+ Kc7 44. b5 d5 45. exd5 Rxd5 46. Rxf6 e4
47. g4 hxg4 48. hxg4 e3 49. Re6 Rd4+ 50. Ka5 Rxg4 51. b6+ Kb7 52. Re7+ Kb8 53.
Rxe3 Rg1 54. Re8+ Kb7 55. Re7+ Kc6 56. Rc7+ Kd6 57. Rc4 g4 58. b7 Ra1+ 59. Ra4
Rb1 60. Rb4 Rxb4 61. Kxb4 Kc7 62. f6 1-0

[Event "Blumenau Region-ch sf"]
[Site "Blumenau"]
[Date "2015.10.30"]
[Round "2"]
[White "Aranha Filho, Alvaro Zimmermann"]
[Black "Barbosa, Evandro Amorim"]
[Result "0-1"]
[WhiteElo "2289"]
[BlackElo "2456"]
[PlyCount "134"]
[EventDate "2015.10.30"]
[EventType "swiss"]
[EventRounds "7"]
[EventCountry "BRA"]
[SourceTitle "CBM 169 Extra"]
[Source "ChessBase"]
[SourceDate "2015.12.18"]
[SourceVersion "1"]
[SourceVersionDate "2015.12.18"]
[SourceQuality "1"]

1. d4 Nf6 2. c4 g6 3. g3 Bg7 4. Bg2 O-O 5. Nc3 d6 6. Nf3 Nc6 7. O-O Bf5 8. Bf4
Ne4 9. Nxe4 Bxe4 10. Be3 d5 11. c5 Re8 12. Qb3 a5 13. Rfd1 a4 14. Qc3 a3 15.
Ne5 Bxg2 16. Nxc6 bxc6 17. Kxg2 e5 18. Rd2 axb2 19. Qxb2 Ra4 20. Rad1 exd4 21.
Bxd4 Bxd4 22. Rxd4 Rxd4 23. Rxd4 Qe7 24. Rd2 Qxc5 25. Rc2 Qd6 26. Qc3 Re6 27.
e3 h5 28. h4 Qd8 29. a4 Qa8 30. a5 c5 31. Qxc5 d4+ 32. Kh2 dxe3 33. fxe3 Qf3
34. Qxc7 Rxe3 35. Qf4 Re2+ 36. Rxe2 Qxe2+ 37. Kh3 Qe6+ 38. Kg2 Qa2+ 39. Kg1
Qxa5 40. Qf2 Qe5 41. Kh2 Kg7 42. Qd2 Kf6 43. Qf2+ Ke6 44. Qa2+ Qd5 45. Qe2+ Kd7
46. Qf2 Kc6 47. Qf6+ Kb5 48. Qb2+ Kc5 49. Qc3+ Kb5 50. Qb2+ Kc4 51. Qa2+ Kd4
52. Qd2+ Kc5 53. Qc3+ Qc4 54. Qe5+ Kb4 55. Qb2+ Qb3 56. Qd4+ Ka3 57. Qa7+ Kb2
58. Qd4+ Kc1 59. Qg1+ Qd1 60. Qa7 Qf3 61. Qc5+ Kd2 62. Qb4+ Ke2 63. Qc4+ Ke1
64. Qc1+ Qd1 65. Qc5 Qe2+ 66. Kg1 Qf1+ 67. Kh2 Qf2+ 0-1

[Event "Blumenau Region-ch sf"]
[Site "Blumenau"]
[Date "2015.10.31"]
[Round "3"]
[White "Barbosa, Evandro Amorim"]
[Black "Choma, Ernani Francisco"]
[Result "1/2-1/2"]
[WhiteElo "2456"]
[BlackElo "2370"]
[PlyCount "62"]
[EventDate "2015.10.30"]
[EventType "swiss"]
[EventRounds "7"]
[EventCountry "BRA"]
[SourceTitle "CBM 169 Extra"]
[Source "ChessBase"]
[SourceDate "2015.12.18"]
[SourceVersion "1"]
[SourceVersionDate "2015.12.18"]
[SourceQuality "1"]

1. d4 Nf6 2. c4 c5 3. d5 b5 4. cxb5 a6 5. b6 e6 6. Nc3 exd5 7. Nxd5 Nxd5 8.
Qxd5 Nc6 9. Nf3 Rb8 10. e4 Be7 11. Bc4 O-O 12. Bd2 Rxb6 13. Bc3 d6 14. O-O Be6
15. Qd3 Bxc4 16. Qxc4 Bf6 17. Rad1 Qe7 18. Rfe1 Bxc3 19. Qxc3 Rd8 20. Rd5 Nb4
21. Rd2 h6 22. g3 a5 23. Nh4 g6 24. Ng2 a4 25. Nf4 Nxa2 26. Qa5 Rbb8 27. Nd5
Qe6 28. e5 Nb4 29. Nxb4 cxb4 30. Qxa4 Re8 31. Re4 dxe5 1/2-1/2

[Event "Blumenau Region-ch sf"]
[Site "Blumenau"]
[Date "2015.10.31"]
[Round "4"]
[White "Matsuura, Everaldo"]
[Black "Barbosa, Evandro Amorim"]
[Result "1/2-1/2"]
[WhiteElo "2486"]
[BlackElo "2456"]
[PlyCount "30"]
[EventDate "2015.10.30"]
[EventType "swiss"]
[EventRounds "7"]
[EventCountry "BRA"]
[SourceTitle "CBM 169 Extra"]
[Source "ChessBase"]
[SourceDate "2015.12.18"]
[SourceVersion "1"]
[SourceVersionDate "2015.12.18"]
[SourceQuality "1"]

1. d4 Nf6 2. c4 g6 3. Nc3 d5 4. cxd5 Nxd5 5. e4 Nxc3 6. bxc3 Bg7 7. Be3 c5 8.
Qd2 Qa5 9. Rc1 O-O 10. Nf3 Rd8 11. d5 e6 12. Bg5 f6 13. Be3 Nc6 14. Bd3 b6 15.
O-O Ba6 1/2-1/2

[Event "Blumenau Region-ch sf"]
[Site "Blumenau"]
[Date "2015.11.01"]
[Round "5"]
[White "Barbosa, Evandro Amorim"]
[Black "Martins, Carlos"]
[Result "1/2-1/2"]
[WhiteElo "2456"]
[BlackElo "2238"]
[PlyCount "104"]
[EventDate "2015.10.30"]
[EventType "swiss"]
[EventRounds "7"]
[EventCountry "BRA"]
[SourceTitle "CBM 169 Extra"]
[Source "ChessBase"]
[SourceDate "2015.12.18"]
[SourceVersion "1"]
[SourceVersionDate "2015.12.18"]
[SourceQuality "1"]

1. e4 e6 2. d3 d5 3. Qe2 Be7 4. Nf3 Nf6 5. g3 c5 6. Bg2 Nc6 7. O-O d4 8. e5 Nd5
9. h4 h6 10. h5 Qc7 11. c4 Nb6 12. Bf4 Bd7 13. Nbd2 O-O-O 14. Ne4 Be8 15. a3 a5
16. Rfb1 a4 17. Qd1 Na5 18. Nfd2 g5 19. hxg6 fxg6 20. Nd6+ Rxd6 21. exd6 Bxd6
22. Bxd6 Qxd6 23. Qe1 Nc6 24. b4 axb3 25. Ne4 Qf8 26. Rxb3 Na4 27. Rab1 Rh7 28.
Rb5 Rc7 29. R1b3 Qe7 30. Qd1 Nc3 31. Nxc3 dxc3 32. Rxc3 Nd4 33. Rb6 Bc6 34.
Bxc6 bxc6 35. Kg2 h5 36. Qe1 h4 37. Qe4 hxg3 38. fxg3 Qg5 39. Rc2 Nxc2 40.
Qxe6+ Rd7 41. Qxc6+ Kd8 42. Rb8+ Ke7 43. Qe4+ Kf6 44. Qf3+ Ke6 45. Re8+ Kd6 46.
Qf8+ Kc6 47. Rc8+ Rc7 48. Qe8+ Kb7 49. Rb8+ Ka7 50. Ra8+ Kb7 51. Rb8+ Ka7 52.
Ra8+ Kb7 1/2-1/2

[Event "Blumenau Region-ch sf"]
[Site "Blumenau"]
[Date "2015.11.01"]
[Round "6"]
[White "Mandetta, Joao Danilo"]
[Black "Barbosa, Evandro Amorim"]
[Result "0-1"]
[WhiteElo "2297"]
[BlackElo "2456"]
[PlyCount "92"]
[EventDate "2015.10.30"]
[EventType "swiss"]
[EventRounds "7"]
[EventCountry "BRA"]
[SourceTitle "CBM 169 Extra"]
[Source "ChessBase"]
[SourceDate "2015.12.18"]
[SourceVersion "1"]
[SourceVersionDate "2015.12.18"]
[SourceQuality "1"]

1. g3 c5 2. Bg2 Nc6 3. e4 g6 4. d3 Bg7 5. f4 d6 6. Nf3 e6 7. O-O Nge7 8. c3 O-O
9. Be3 b6 10. Re1 Ba6 11. d4 Rc8 12. Nbd2 Qd7 13. a3 cxd4 14. cxd4 Rc7 15. b4
Rfc8 16. Qb1 Bb7 17. Qb2 Nd8 18. Rac1 f5 19. e5 Nd5 20. Bf2 Nc3 21. Bf1 Nf7 22.
h3 g5 23. Kh2 dxe5 24. dxe5 gxf4 25. gxf4 Bh6 26. Bg3 Nd5 27. Nc4 Nxf4 28. Nd6
Rxc1 29. Rxc1 Rxc1 30. Qxc1 Nh5 31. Qd1 Nxg3 32. Bb5 Qd8 33. Kxg3 Bxf3 34. Kxf3
Nxe5+ 35. Ke2 Qg5 36. Qd4 Qh5+ 37. Kf2 Qf3+ 38. Ke1 Qh1+ 39. Ke2 Qg2+ 40. Kd1
Nf3 41. Qd3 Qg1+ 42. Qf1 Qe3 43. Qd3 Qe1+ 44. Kc2 Qc1+ 45. Kb3 Nd2+ 46. Ka2 Bg7
0-1

[Event "Brasilia-ch op"]
[Site "Brasilia"]
[Date "2015.10.31"]
[Round "2"]
[White "Santos, Leonardo Pereira de"]
[Black "Barbosa, Edinardo Meireles"]
[Result "1-0"]
[WhiteElo "1535"]
[BlackElo "1710"]
[PlyCount "83"]
[EventDate "2015.10.30"]
[EventType "swiss"]
[EventRounds "7"]
[EventCountry "BRA"]
[SourceTitle "CBM 169 Extra"]
[Source "ChessBase"]
[SourceDate "2015.12.18"]
[SourceVersion "1"]
[SourceVersionDate "2015.12.18"]
[SourceQuality "1"]

1. e4 e6 2. d4 d5 3. e5 c5 4. c3 Nc6 5. Nf3 Qb6 6. Be2 Nge7 7. O-O cxd4 8. cxd4
Nf5 9. Nc3 Nfxd4 10. Kh1 Nxf3 11. Bxf3 Be7 12. Qe2 Bd7 13. Rd1 Nd4 14. Qd3 Nxf3
15. Qxf3 O-O 16. Qg3 f6 17. Be3 Qd8 18. Bh6 Rf7 19. f4 Kh8 20. exf6 Bxf6 21.
Bg5 Bxg5 22. fxg5 Rf5 23. h4 Qb8 24. Qh3 Qf8 25. Ne4 e5 26. Qb3 Bc6 27. Ng3 Rf4
28. Rac1 Rxh4+ 29. Kg1 d4 30. Rf1 Rf4 31. Nh5 Rxf1+ 32. Rxf1 Qg8 33. Qa3 a6 34.
Qe7 Re8 35. Qc5 Qd5 36. Rf8+ Rxf8 37. Qxf8+ Qg8 38. Qe7 e4 39. Nxg7 Bd5 40. Nf5
Qg6 41. Qd8+ Bg8 42. Qxd4+ 1-0

[Event "Brasilia-ch op"]
[Site "Brasilia"]
[Date "2015.10.31"]
[Round "3"]
[White "Barbosa, Edinardo Meireles"]
[Black "Da Silva, Juliana Ferreira"]
[Result "1-0"]
[WhiteElo "1710"]
[BlackElo "1800"]
[PlyCount "79"]
[EventDate "2015.10.30"]
[EventType "swiss"]
[EventRounds "7"]
[EventCountry "BRA"]
[SourceTitle "CBM 169 Extra"]
[Source "ChessBase"]
[SourceDate "2015.12.18"]
[SourceVersion "1"]
[SourceVersionDate "2015.12.18"]
[SourceQuality "1"]

1. d4 d5 2. c4 c6 3. Nc3 Nf6 4. e3 e6 5. a3 Bd6 6. Nf3 b6 7. Bd3 O-O 8. Qc2 g6
9. O-O Bb7 10. cxd5 exd5 11. b4 b5 12. Bb2 Re8 13. Rac1 a5 14. Na2 a4 15. Nc3
Nbd7 16. e4 dxe4 17. Nxe4 Bf4 18. Rce1 Re6 19. Nc5 Rxe1 20. Rxe1 Qc7 21. Nxb7
Qxb7 22. Bc1 Bxc1 23. Rxc1 Re8 24. Qxc6 Qxc6 25. Rxc6 Rb8 26. Ng5 Nh5 27. g3
Ndf6 28. h3 Rd8 29. Nf3 Rd5 30. Rc5 Kg7 31. Bxb5 Rd8 32. Bxa4 Ne4 33. Ra5 Nhf6
34. Bc2 Nc3 35. Rc5 Ne2+ 36. Kf1 Re8 37. Re5 Nxd4 38. Rxe8 Nxf3 39. Rd8 Nh2+
40. Kg2 1-0

[Event "Brasilia-ch op"]
[Site "Brasilia"]
[Date "2015.11.01"]
[Round "4"]
[White "Sampaio, Ana Beatriz da Silv"]
[Black "Barbosa, Edinardo Meireles"]
[Result "1/2-1/2"]
[WhiteElo "1800"]
[BlackElo "1710"]
[PlyCount "49"]
[EventDate "2015.10.30"]
[EventType "swiss"]
[EventRounds "7"]
[EventCountry "BRA"]
[SourceTitle "CBM 169 Extra"]
[Source "ChessBase"]
[SourceDate "2015.12.18"]
[SourceVersion "1"]
[SourceVersionDate "2015.12.18"]
[SourceQuality "1"]

1. d4 Nf6 2. c4 e6 3. Nc3 d5 4. Bg5 Nbd7 5. e3 c6 6. Nf3 Be7 7. Bd3 O-O 8. Qc2
Re8 9. O-O a6 10. Bxf6 Nxf6 11. c5 g6 12. Ne5 Bf8 13. f4 Nd7 14. Nf3 Bg7 15.
Rae1 f6 16. Qf2 e5 17. Bc2 e4 18. Nd2 b6 19. b4 a5 20. a3 bxc5 21. bxc5 Ba6 22.
Ne2 f5 23. Rb1 Qc7 24. Rb3 Reb8 25. Rfb1 1/2-1/2

[Event "Brasilia-ch op"]
[Site "Brasilia"]
[Date "2015.11.01"]
[Round "5"]
[White "Barbosa, Edinardo Meireles"]
[Black "Kurita, Rubens Massami"]
[Result "0-1"]
[WhiteElo "1710"]
[BlackElo "1763"]
[PlyCount "66"]
[EventDate "2015.10.30"]
[EventType "swiss"]
[EventRounds "7"]
[EventCountry "BRA"]
[SourceTitle "CBM 169 Extra"]
[Source "ChessBase"]
[SourceDate "2015.12.18"]
[SourceVersion "1"]
[SourceVersionDate "2015.12.18"]
[SourceQuality "1"]

1. d4 Nf6 2. c4 c5 3. d5 b5 4. cxb5 a6 5. b6 Qxb6 6. Nc3 g6 7. e4 d6 8. Nf3 Bg7
9. Be2 O-O 10. O-O Nbd7 11. h3 Bb7 12. Bd2 Rfd8 13. Rb1 Nf8 14. Qc2 e6 15. Bc4
exd5 16. exd5 Re8 17. Rfe1 N8d7 18. Bf4 Qc7 19. Qb3 Nb6 20. Ng5 Nxc4 21. Qxc4
Nd7 22. Nge4 Ne5 23. Qb3 h6 24. Nxd6 Qxd6 25. Qxb7 Nf3+ 26. gxf3 Qxf4 27. Rxe8+
Rxe8 28. Kg2 Be5 29. Rh1 Rb8 30. Qxa6 Qg5+ 31. Kf1 Bxc3 32. h4 Qc1+ 33. Kg2
Qxb2 0-1

[Event "Natal CBX Circuit 4th"]
[Site "Natal"]
[Date "2016.01.27"]
[Round "1"]
[White "Barbosa, Evandro Amorim"]
[Black "Galego, Luis"]
[Result "1-0"]
[WhiteElo "2461"]
[BlackElo "2451"]
[PlyCount "63"]
[EventDate "2016.01.27"]
[EventType "tourn"]
[EventRounds "9"]
[EventCountry "BRA"]
[EventCategory "7"]
[SourceTitle "CBM 170 Extra"]
[Source "ChessBase"]
[SourceDate "2016.02.25"]
[SourceVersion "1"]
[SourceVersionDate "2016.02.25"]
[SourceQuality "1"]

1. e4 c5 2. Nf3 e6 3. d4 cxd4 4. Nxd4 a6 5. Bd3 Qc7 6. O-O Nf6 7. Qe2 d6 8. c4
Nbd7 9. f4 g6 10. f5 e5 11. Nc2 Be7 12. Nc3 gxf5 13. exf5 b6 14. Ne3 Bb7 15.
Ncd5 Bxd5 16. Nxd5 Nxd5 17. cxd5 b5 18. a4 b4 19. Kh1 Qb7 20. Bd2 Nf6 21. Rac1
h5 22. Rc6 a5 23. Ba6 Qd7 24. Rc8+ Rxc8 25. Bb5 Rc5 26. Bxd7+ Kxd7 27. Be3 Rxd5
28. Rc1 Rc8 29. Rxc8 Kxc8 30. h3 Kd7 31. g4 hxg4 32. hxg4 1-0

[Event "Natal CBX Circuit 4th"]
[Site "Natal"]
[Date "2016.01.28"]
[Round "2"]
[White "Barbosa, Evandro Amorim"]
[Black "Alonso, Salvador"]
[Result "1-0"]
[WhiteElo "2461"]
[BlackElo "2491"]
[PlyCount "95"]
[EventDate "2016.01.27"]
[EventType "tourn"]
[EventRounds "9"]
[EventCountry "BRA"]
[EventCategory "7"]
[SourceTitle "CBM 170 Extra"]
[Source "ChessBase"]
[SourceDate "2016.02.25"]
[SourceVersion "1"]
[SourceVersionDate "2016.02.25"]
[SourceQuality "1"]

1. e4 c5 2. Nf3 e6 3. d4 cxd4 4. Nxd4 Nc6 5. Nc3 Qc7 6. Be3 a6 7. Qd2 Nf6 8.
O-O-O Be7 9. f4 b5 10. e5 b4 11. Ncb5 axb5 12. Nxb5 Qa5 13. exf6 gxf6 14. Nd6+
Bxd6 15. Qxd6 Qxa2 16. Rd3 Qa1+ 17. Kd2 Ra2 18. Rb3 Rxb2 19. Bb5 Qa2 20. Rxb2
Qxb2 21. Rc1 Qc3+ 22. Ke2 Qa3 23. Kf2 Qa8 24. Bc5 Qb8 25. Qxb8 Nxb8 26. Ra1 Bb7
27. Ra7 Bc6 28. Bd6 f5 29. Bd3 f6 30. Bxb8 Ke7 31. Bc7 Rc8 32. Ba6 Rg8 33. g3
Be4 34. Bb5 Rc8 35. Ba4 Ra8 36. Rxa8 Bxa8 37. Ba5 Be4 38. Bxb4+ d6 39. Ke3 Bb7
40. Bb5 Bg2 41. c4 Bf1 42. Bxd6+ Kxd6 43. c5+ Kxc5 44. Bxf1 h6 45. Ba6 Kd5 46.
Bc8 Kd6 47. Kd4 h5 48. h4 1-0